Descentralització i transversalitat de la política ciutadana a Badalona / Enrique Gonzálvez, Rosa Miguel, Teresa Puig
Descripción Física:
38 p. ; 30 cm
Colección:
Papers de participació ciutadana ; 4
MARC
| LEADER | 00000nam a2200000Ia 4500 | ||
|---|---|---|---|
| 001 | 14495 | ||
| 008 | 160829s9999 xx 000 0 cat d | ||
| 080 | |a FU-22-23 | ||
| 100 | |a Gonzálvez, Enrique |9 32975 | ||
| 245 | |a Descentralització i transversalitat de la política ciutadana a Badalona / Enrique Gonzálvez, Rosa Miguel, Teresa Puig | ||
| 260 | |a [Barcelona] : |b Diputació de Barcelona, Xarxa de Municipis, cop. 2002 | ||
| 300 | |a 38 p. ; |c 30 cm | ||
| 490 | |a Papers de participació ciutadana ; 4 | ||
| 590 | |a Avant-títol: Experiències de participació ciutadana. | ||
| 590 | |a Colecció coordinada pel Centre per a la Participació Ciutadana de l'Organisme Autònom Flor de Maig | ||
| 650 | |a Descentralització administrativa |x Badalona |9 32976 | ||
| 650 | |a Participació política |x Badalona |9 32977 | ||
| 650 | |a Participació social |x Badalona |9 32978 | ||
| 700 | |a Miguel, Rosa |9 32979 | ||
| 700 | |a Puig, Teresa |9 32980 | ||
| 710 | |a Flor de Maig |9 54173 | ||
| 901 | |a Arxiu | ||
| 942 | |n 1 | ||
| 952 | |0 0 |1 0 |4 0 |6 FU2223 |7 1 |9 46162 |a Arxiu |b Arxiu |d 2016-12-01 |l 0 |o FU-22-23 |p 14495 |r 2016-12-01 00:00:00 |w 2016-12-01 |y ARXIU | ||
| 999 | |c 49664 |d 49664 | ||